Qiao xia yi jia ren = The family under the bridge / (Record no. 178702)

MARC details
000 -LEADER
fixed length control field 01650nam a2200421 ia4500
003 - CONTROL NUMBER IDENTIFIER
control field OSt
005 - DATE AND TIME OF LATEST TRANSACTION
control field 20200826110131.0
008 - FIXED-LENGTH DATA ELEMENTS--GENERAL INFORMATION
fixed length control field 200810t19582013cc a j 000 1 chi d
020 ## - INTERNATIONAL STANDARD BOOK NUMBER
Terms of availability RM398.00
Qualifying information set
Qualifying information paperback
International Standard Book Number 9787530758182
Terms of availability RM19.90
040 ## - CATALOGING SOURCE
Original cataloging agency PPAK
Language of cataloging eng
Transcribing agency PPAK
Description conventions rda
041 1# - LANGUAGE CODE
Language code of text/sound track or separate title chi
Language code of original eng
082 04 - DEWEY DECIMAL CLASSIFICATION NUMBER
Edition number 23
Classification number 813.54
090 00 - LOCALLY ASSIGNED LC-TYPE CALL NUMBER (OCLC); LOCAL CALL NUMBER (RLIN)
Classification number (OCLC) (R) ; Classification number, CALL (RLIN) (NR) 813.54
Feature heading CAR
Feature heading K
100 1# - MAIN ENTRY--PERSONAL NAME
Linkage 880-01
Personal name Carlson, Natalie Savage,
Relator term author.
245 10 - TITLE STATEMENT
Linkage 880-02
Title Qiao xia yi jia ren = The family under the bridge /
Statement of responsibility, etc. Natali Saweiqi Ka'ersen zhu ; Gaisi Weilianmusi hui ; Wang Zongwen yi.
246 33 - VARYING FORM OF TITLE
Display text Translation of:
Title proper/short title The family under the bridge
250 ## - EDITION STATEMENT
Edition statement Di 1 ban
264 #1 - PRODUCTION, PUBLICATION, DISTRIBUTION, MANUFACTURE, AND COPYRIGHT NOTICE
Place of production, publication, distribution, manufacture Tianjin Shi :
Name of producer, publisher, distributor, manufacturer Xin lei chu ban she,
Date of production, publication, distribution, manufacture, or copyright notice 2013
Date of production, publication, distribution, manufacture, or copyright notice ©1958
300 ## - PHYSICAL DESCRIPTION
Extent 143 pages :
Other physical details illustrations ;
Dimensions 21 cm
336 ## - CONTENT TYPE
Source rdacontent
Content type term text
337 ## - MEDIA TYPE
Source rdamedia
Media type term unmediated
338 ## - CARRIER TYPE
Source rdacarrier
Carrier type term volume
490 1# - SERIES STATEMENT
Series statement Guo ji da jiang xiao shuo. Zhu yin ban
500 ## - GENERAL NOTE
General note "日本学校图书馆协议会选定图书"--Cover.
546 ## - LANGUAGE NOTE
Language note Parallel text in Chinese and Hanyu Pinyin.
650 10 - SUBJECT ADDED ENTRY--TOPICAL TERM
Topical term or geographic name entry element Children's stories, Chinese
Form subdivision Translations from English
Topical term or geographic name entry element Chinese fiction
Topical term or geographic name entry element Tramps
Form subdivision Juvenile fiction
Topical term or geographic name entry element Paris (France)
Form subdivision Juvenile fiction
700 1# - ADDED ENTRY--PERSONAL NAME
Personal name Williams, Garth,
Relator term illustrator.
Personal name Wang, Zongwen,
Relator term translator.
830 #0 - SERIES ADDED ENTRY--UNIFORM TITLE
Uniform title Guo ji da jiang xiao shuo. Zhu yin ban
880 1# - ALTERNATE GRAPHIC REPRESENTATION
Linkage 100-01
a 卡尔森, 纳塔莉·萨维奇,
e author.
Linkage 245-02
a 桥下一家人 = The family under the bridge /
c 纳塔莉·萨维奇·卡尔森著 ; 盖斯·威廉姆斯绘 ; 王宗文译.
942 ## - ADDED ENTRY ELEMENTS (KOHA)
Source of classification or shelving scheme Dewey Decimal Classification
Koha item type Book
Holdings
Withdrawn Not for loan Current library Shelving location Date acquired Total Checkouts Full call number Barcode Date last seen Date last checked out Koha item type Total Renewals
    Perpustakaan Alor Setar Pinjaman Kanak-kanak 03/09/2020 2 K 813.54 CAR A01646196 15/12/2024 18/11/2024 Book  
    Perpustakaan Awam Sungai Petani Pinjaman Kanak-kanak 03/09/2020 2 K 813.54 CAR A01646197 16/02/2026 11/01/2026 Book 1